000 00328nam a22001337a 4500
008 170504b xxu||||| |||| 00| 0 eng d
020 _a9780415111201
041 _aeng
080 _27 ED
_a34
100 _a14
101 _aSHJ
245 _aAKETHURTS MODERN INTRODUCTION INERNATIONAL LAW
_cNALANCZUK.P
942 _2udc
_cBK
999 _c12672
_d12672